The partition of Bengal : (Record no. 104645)

MARC details
000 -LEADER
fixed length control field 00688nam a22001937a 4500
005 - DATE AND TIME OF LATEST TRANSACTION
control field 20161116143026.0
010 ## - LCCN (DPL NO)
LC control number ENG-116569
020 ## - INTERNATIONAL STANDARD BOOK NUMBER
International Standard Book Number 9781107061705
Terms of availability 875.00
035 ## - SYSTEM CONTROL NUMBER
System control number EN-100101
037 ## - SOURCE OF ACQUISITION
Source of stock number/acquisition DBAD/PUB
082 ## - DEWEY DECIMAL CLASSIFICATION NUMBER
Classification number 954.52035
100 ## - MAIN ENTRY--PERSONAL NAME
Personal name Sengupta, Debjani
245 ## - TITLE STATEMENT
Title The partition of Bengal :
Remainder of title fragile borders and new identities /
Statement of responsibility, etc by Debjani Sengupta
260 ## - PUBLICATION, DISTRIBUTION, ETC. (IMPRINT)
Place of publication, distribution, etc Delhi
Name of publisher, distributor, etc Cambridge University Press
Date of publication, distribution, etc 2016
270 ## - ADDRESS
Address 4843/24, 2nd Floor, Ansari Road, Daryaganj,
City Delhi
Postal code 110002
Telephone number 9781107061705
Electronic mail address www.cambridge.org
300 ## - PHYSICAL DESCRIPTION
Extent xii,274p.
Dimensions 24cm(Hb)
500 ## - GENERAL NOTE
General note Includes bibliographical reference and index
942 ## - ADDED ENTRY ELEMENTS (KOHA)
Source of classification or shelving scheme Dewey Decimal Classification
Item type English Books
Classification part 954.52035
Call number suffix SEN
Holdings
Withdrawn status Lost status Not for loan Collection code Home library Current library Date acquired Source of acquisition Cost, normal purchase price Full call number Barcode Copy number Cost, replacement price Koha item type
    Not For Loan Non-fiction D.B.Act.Division Bawana 16/11/2016 DBAD/PUB 875.00 954.52035 Sen EN-100101 1 875.00 English Books

© Delhi Public Library
Hit Counter
free hit counter